| 000 | 01580nam a22002417a 4500 | ||
|---|---|---|---|
| 999 |
_c57841 _d57841 |
||
| 003 | Ge_BSU | ||
| 005 | 20210315175654.0 | ||
| 008 | 210315s2020 ge ||||| |||| 00| 0 geo d | ||
| 020 | _a9789941966262 | ||
| 041 | _ageo | ||
| 080 | _a94 ა-94 | ||
| 245 |
_aაღმოსავლეთმცოდნეობის მაცნე = Herald of oriantal studies : _bIII / _cრედაქტორი ემზარ მაკარაძე. ტომის რედაქტორი მანუჩარ ლორია; ბსუ, ჰუმანიტარულ მეცნიერტებათა ფაკულტეტი, აღმოსავლეთმცოდნეობის დეპარტამენტი. |
||
| 264 |
_aთბილისი : _bგამომცემლობა "დანი", _c2020. |
||
| 300 |
_a158 გვ. _b20 სმ. |
||
| 504 | _aბიბლიოგრაფია თავების ბოლოს | ||
| 653 | _aისტორია | ||
| 653 | _aარქეოლოგია | ||
| 653 | _aაღმოსავლეთმცოდნეობა | ||
| 700 |
_aემზარ მაკარაძე _eრედაქტორი _910452 |
||
| 700 |
_aლორია მანუჩარ _eტომის რედაქტორი _92194 |
||
| 710 |
_aბსუ _eჰუმანიტარულ მეცნიერტებათა ფაკულტეტი, აღმოსავლეთმცოდნეობის დეპარტამენტი. _910453 |
||
| 942 |
_2udc _cBK |
||